| 000 | 01814cam a22003255a 4500 | ||
|---|---|---|---|
| 001 | L142810 | ||
| 002 | 17235 | ||
| 008 | 080311s2008 xxkd f 001 0 eng d | ||
| 020 |
_a9780470697931 _a9781405151276 _a1405151277 |
||
| 035 | _a(Sirsi) u142810 | ||
| 041 | 0 | _aeng | |
| 050 | 0 | 4 |
_a658.404 $2 18 _a624.0681 $2 22 |
| 100 | 1 | _aPretorius, Frederik | |
| 245 | 0 | 0 |
_aProject finance for construction and infrastructure _bprinciples and case studies _h[electronic resource] |
| 260 |
_aOxford _bBlackwell _c2008 |
||
| 300 | _aebook | ||
| 505 | 2 | _aThe nature of project finance -- Complex transactions -- Financial evaluation -- Managing risk in project finance transactions -- Continuing evolution: from PF to PFI, PPP and beyond -- The relevance of sound demand in infrastructure project finance: the Sydney CrossCity Tunnel -- Financial structures and infrastructure project finance: the Hong Kong Western Harbour Crossing -- Institutional risks and infrastructure project finance: the Dabhol Power Project -- Extreme complexity in transacting: public private partnerships at work in the London Underground | |
| 520 | _aWritten for non-finance students, this text explains the economics and commercial aspects of project finance. The four project finance case studies illustrate the application of project finance in different economic environments, across different jurisdictions and at different stages of development. | ||
| 521 | 2 | _aIntroductory | |
| 590 | _aKA | ||
| 650 | 2 | 4 | _aEBOOK |
| 651 | 4 | _aInternational | |
| 690 |
_aProject management _96261 |
||
| 700 | 1 | _aLejot, Paul | |
| 700 | 1 | _aMcInnis, Arthur | |
| 700 | 1 | _aArner, Douglas | |
| 700 | 1 | _aHsu, Berry Fong-Chung | |
| 856 | 4 | 0 |
_uhttps://www.vlebooks.com/ _zView on VLEbooks. Logins for members only from [email protected] |
| 942 | _n0 | ||
| 999 |
_c107985 _d107985 |
||